000 00554nmm a2200169Ia 4500
008 251105s9999||||xx |||||||||||||||||und||
020 _a9789502330266
041 _aspa
100 _aKwiatkowski, Nicolás
245 0 _a"Fuimos muy peores en vicios" :
_b Barbarie propia y ajena, entre la caída de Constantinopla y la Ilustración
264 _a[Buenos Aires, Argentina] :
_bEudeba,
_c2020
300 _a336 páginas
490 _aLectores
650 _aHistory (General)
856 _uhttps://public.digitaliapublishing.com/a/128403
942 _cCF
999 _c93322
_d93322